[Event "Rusia tch 2011"]
[Site "Olginka RUS"]
[Date "2011.04.14"]
[Round "3.26"]
[White "Rodin, Dmitrij"]
[Black "Levin, Evgeny A"]
[Result "1/2-1/2"]
[WhiteElo "2442"]
[BlackElo "2472"]
[PlyCount "57"]
[EventDate "2011.04.12"]
[EventType "team"]
[EventRounds "11"]
[EventCountry "RUS"]
[Source "lmi"]
[SourceDate "2011.04.12"]
[WhiteTeam "Rusia"]
[BlackTeam "Rusia"]
[WhiteTeamCountry "RUS"]
[BlackTeamCountry "RUS"]

1. e4 e6 2. d4 d5 3. Nd2 Nf6 4. e5 Nfd7 5. c3 c5 6. f4 Nc6 7. Ndf3 cxd4 8. cxd4
f5 9. Bd3 Be7 10. Ne2 Nb6 11. O-O O-O 12. a3 a5 13. Be3 Bd7 14. Rc1 a4 15. Bd2
Na7 16. Qe1 Bb5 17. Bxb5 Nxb5 18. Ba5 Na7 19. Qg3 Nc6 20. Bc3 Nc4 21. Ng5 Qd7
22. Qh3 h6 23. Qh5 Nd8 24. Nh3 Qe8 25. Qf3 g5 26. fxg5 hxg5 27. Qg3 Qg6 28.
Nef4 Qg7 29. Nh5 1/2-1/2

[Event "Rusia tch 2011"]
[Site "Olginka RUS"]
[Date "2011.04.14"]
[Round "3.42"]
[White "Tomashevsky, Evgeny"]
[Black "Sitnikov, Dmitrij"]
[Result "1-0"]
[WhiteElo "2707"]
[BlackElo "2470"]
[PlyCount "47"]
[EventDate "2011.04.12"]
[EventType "team"]
[EventRounds "11"]
[EventCountry "RUS"]
[Source "lmi"]
[SourceDate "2011.04.12"]
[WhiteTeam "Rusia"]
[BlackTeam "Rusia"]
[WhiteTeamCountry "RUS"]
[BlackTeamCountry "RUS"]

1. d4 d5 2. c4 c6 3. Nf3 Nf6 4. e3 g6 5. Nc3 Bg7 6. Be2 O-O 7. O-O Bg4 8. cxd5
cxd5 9. Qb3 b6 10. Bd2 Nc6 11. Rfc1 Na5 12. Qd1 Rc8 13. Ne5 Bxe2 14. Qxe2 Nd7
15. Nd3 e6 16. Nb5 a6 17. Bxa5 bxa5 18. Na7 Ra8 19. Nc6 Qb6 20. Rc3 Kh8 21.
Rac1 Rfc8 22. Qc2 Qb5 23. a4 Qb6 24. Nxa5 1-0

[Event "Rusia tch 2011"]
[Site "Olginka RUS"]
[Date "2011.04.14"]
[Round "3.45"]
[White "Kljucharev, Sergey"]
[Black "Moiseenko, Alexander"]
[Result "1/2-1/2"]
[WhiteElo "2375"]
[BlackElo "2673"]
[PlyCount "120"]
[EventDate "2011.04.12"]
[EventType "team"]
[EventRounds "11"]
[EventCountry "RUS"]
[Source "lmi"]
[SourceDate "2011.04.12"]
[WhiteTeam "Rusia"]
[BlackTeam "Ucrania"]
[WhiteTeamCountry "RUS"]
[BlackTeamCountry "UKR"]

1. Nf3 d5 2. d4 Nf6 3. c4 e6 4. Nc3 Bb4 5. Bg5 Nbd7 6. e3 c5 7. Be2 Qa5 8. O-O
Bxc3 9. Bxf6 Nxf6 10. bxc3 Ne4 11. Bd3 Nd6 12. Ne5 O-O 13. Qb3 f6 14. Nf3 b5
15. Qc2 f5 16. cxd5 c4 17. Be2 exd5 18. Ne5 Qa3 19. Bf3 Be6 20. Rfb1 Rfc8 21.
h3 a5 22. g4 Kh8 23. Qe2 Rf8 24. Qb2 Qxb2 25. Rxb2 f4 26. a3 fxe3 27. fxe3 Rab8
28. Kg2 Rb6 29. Rab1 g5 30. Kg3 Rfb8 31. h4 gxh4+ 32. Kxh4 Kg7 33. Rh2 b4 34.
axb4 axb4 35. cxb4 Rxb4 36. Rbh1 Rb1 37. Kg5 Rxh1 38. Rxh1 c3 39. Nd3 h6+ 40.
Kf4 Rf8+ 41. Ke5 Rxf3 42. Kxe6 Ne4 43. Ne5 Rxe3 44. Ra1 h5 45. Ra7+ Kh6 46. Kf5
c2 47. g5+ Nxg5 48. Rc7 Ne4 49. Rxc2 Rc3 50. Ra2 h4 51. Ra6+ Kh5 52. Ra8 Rc8
53. Rxc8 Nd6+ 54. Kf4 Nxc8 55. Nd7 Ne7 56. Nf6+ Kg6 57. Nxd5 Nxd5+ 58. Kg4 Ne3+
59. Kxh4 Nf5+ 60. Kg4 Nxd4 1/2-1/2

[Event "Rusia tch 2011"]
[Site "Olginka RUS"]
[Date "2011.04.14"]
[Round "3.53"]
[White "Zolotukhin, Valery"]
[Black "Kokarev, Dmitry"]
[Result "0-1"]
[WhiteElo "2338"]
[BlackElo "2576"]
[PlyCount "100"]
[EventDate "2011.04.12"]
[EventType "team"]
[EventRounds "11"]
[EventCountry "RUS"]
[Source "lmi"]
[SourceDate "2011.04.12"]
[WhiteTeam "Rusia"]
[BlackTeam "Rusia"]
[WhiteTeamCountry "RUS"]
[BlackTeamCountry "RUS"]

1. e4 c5 2. Nf3 e6 3. d4 cxd4 4. Nxd4 a6 5. Bd3 Bc5 6. Nb3 Be7 7. O-O d6 8. Qg4
Bf6 9. Qg3 Nc6 10. Na3 Nge7 11. Nc4 e5 12. Be3 Be6 13. Nb6 Rb8 14. c4 Nd4 15.
Bxd4 exd4 16. Nd5 Bxd5 17. cxd5 O-O 18. f4 Ng6 19. Qf2 Qb6 20. Rae1 a5 21. Re2
Rbc8 22. Rc2 a4 23. Nc1 Rxc2 24. Qxc2 a3 25. bxa3 Qa5 26. a4 Ra8 27. Bb5 Ne7
28. Nd3 g6 29. e5 Bg7 30. exd6 Nxd5 31. d7 Rd8 32. Re1 Ne3 33. Qc8 Bf6 34. Qxb7
Qd2 35. Qf3 Rxd7 36. Bxd7 Qxd3 37. Bb5 Qc3 38. Qe2 h5 39. Kh1 h4 40. h3 Nf5 41.
Qe8+ Kg7 42. Rd1 Qc7 43. Bd3 Ng3+ 44. Kg1 Qxf4 45. Bc4 d3 46. Qxf7+ Kh6 47.
Qf8+ Kh5 48. Qc5+ g5 49. Bf7+ Kh6 50. Qc6 Kg7 0-1

[Event "Rusia tch 2011"]
[Site "Olginka RUS"]
[Date "2011.04.14"]
[Round "3.54"]
[White "Kryakvin, Dmitry"]
[Black "Belyakov, Bogdan"]
[Result "1/2-1/2"]
[WhiteElo "2573"]
[BlackElo "2301"]
[PlyCount "109"]
[EventDate "2011.04.12"]
[EventType "team"]
[EventRounds "11"]
[EventCountry "RUS"]
[Source "lmi"]
[SourceDate "2011.04.12"]
[WhiteTeam "Rusia"]
[BlackTeam "Rusia"]
[WhiteTeamCountry "RUS"]
[BlackTeamCountry "RUS"]

1. d4 Nf6 2. c4 g6 3. Nc3 Bg7 4. e4 O-O 5. Nf3 d6 6. Be2 e5 7. O-O Nc6 8. d5
Ne7 9. a4 a5 10. Ne1 Nd7 11. Nd3 f5 12. f3 Kh8 13. Be3 c5 14. dxc6 bxc6 15. b4
Nb6 16. c5 Nc4 17. Bf2 d5 18. Qc2 axb4 19. Nxb4 Qa5 20. Bxc4 Qxb4 21. Bd3 Qa5
22. Rfb1 fxe4 23. fxe4 Rxf2 24. Kxf2 Qxc5+ 25. Ke1 dxe4 26. Nxe4 Qg1+ 27. Bf1
Bf5 28. Qc5 Qxh2 29. Qxe7 Bxe4 30. Rb7 Qh6 31. Qxg7+ Qxg7 32. Rxg7 Kxg7 33. a5
Kf6 34. a6 Ke6 35. Kd2 Kd6 36. Ke3 Bf5 37. Be2 h5 38. g3 Ra7 39. Ra5 Bc8 40.
Ra1 g5 41. Rh1 Bxa6 42. Ra1 h4 43. gxh4 gxh4 44. Rxa6 Rxa6 45. Bxa6 h3 46. Kf2
Kd5 47. Kg3 c5 48. Kxh3 c4 49. Kg2 Kd4 50. Kf2 Kd3 51. Ke1 e4 52. Kd1 e3 53.
Ke1 Kc3 54. Ke2 Kb3 55. Bxc4+ 1/2-1/2

[Event "Rusia tch 2011"]
[Site "Olginka RUS"]
[Date "2011.04.14"]
[Round "3.55"]
[White "Gafner, Evgeny J"]
[Black "Ovetchkin, Roman"]
[Result "1/2-1/2"]
[WhiteElo "2296"]
[BlackElo "2487"]
[PlyCount "87"]
[EventDate "2011.04.12"]
[EventType "team"]
[EventRounds "11"]
[EventCountry "RUS"]
[Source "lmi"]
[SourceDate "2011.04.12"]
[WhiteTeam "Rusia"]
[BlackTeam "Rusia"]
[WhiteTeamCountry "RUS"]
[BlackTeamCountry "RUS"]

1. e4 c6 2. d4 d5 3. Nd2 dxe4 4. Nxe4 Bf5 5. Ng3 Bg6 6. Bc4 e6 7. N1e2 Bd6 8.
h4 h6 9. Nf4 Bxf4 10. Bxf4 Nf6 11. Qe2 Nbd7 12. h5 Bh7 13. O-O-O Nb6 14. Bd3
Bxd3 15. Rxd3 Qd5 16. Kb1 Nbd7 17. f3 O-O 18. Ne4 Qf5 19. Bd6 Rfe8 20. g4 Qh7
21. Nxf6+ Nxf6 22. Ka1 Rad8 23. Be5 Nd5 24. Rb3 b5 25. c4 bxc4 26. Qxc4 f6 27.
Bg3 Nb6 28. Qc3 Kh8 29. Rc1 Qg8 30. f4 Rd5 31. Ra3 Qf7 32. Bf2 Qd7 33. Qf3 Rb5
34. Rac3 Nd5 35. Rxc6 Qb7 36. Qe2 Nxf4 37. Qc2 Nd5 38. Be1 Qf7 39. Bd2 Rbb8 40.
Qe4 Qd7 41. R6c5 Rec8 42. Rxc8+ Rxc8 43. Rxc8+ Qxc8 44. Qg6 1/2-1/2

[Event "Rusia tch 2011"]
[Site "Olginka RUS"]
[Date "2011.04.14"]
[Round "3.61"]
[White "Ponomariov, Ruslan"]
[Black "Frolyanov, Dmitry"]
[Result "1/2-1/2"]
[WhiteElo "2743"]
[BlackElo "2610"]
[PlyCount "45"]
[EventDate "2011.04.12"]
[EventType "team"]
[EventRounds "11"]
[EventCountry "RUS"]
[Source "lmi"]
[SourceDate "2011.04.12"]
[WhiteTeam "Ucrania"]
[BlackTeam "Rusia"]
[WhiteTeamCountry "UKR"]
[BlackTeamCountry "RUS"]

1. d4 d5 2. c4 e6 3. Nf3 Nf6 4. g3 dxc4 5. Bg2 Nc6 6. Qa4 Bb4+ 7. Bd2 Nd5 8.
Qb5 Bxd2+ 9. Nbxd2 c3 10. bxc3 Nxc3 11. Qd3 Nd5 12. O-O O-O 13. Rfc1 h6 14.
Rab1 Nde7 15. Nb3 a5 16. Qc2 Ra7 17. e3 b6 18. a3 Bb7 19. Nbd2 Qa8 20. Bf1 Ba6
21. Bg2 Bb7 22. Bf1 Ba6 23. Bg2 1/2-1/2

[Event "Rusia tch 2011"]
[Site "Olginka RUS"]
[Date "2011.04.14"]
[Round "3.65"]
[White "Khismatullin, Denis"]
[Black "Venevtsev, Andrey"]
[Result "1-0"]
[WhiteElo "2662"]
[BlackElo "2330"]
[PlyCount "151"]
[EventDate "2011.04.12"]
[EventType "team"]
[EventRounds "11"]
[EventCountry "RUS"]
[Source "lmi"]
[SourceDate "2011.04.12"]
[WhiteTeam "Rusia"]
[BlackTeam "Rusia"]
[WhiteTeamCountry "RUS"]
[BlackTeamCountry "RUS"]

1. d4 Nf6 2. c4 c5 3. d5 e6 4. Nc3 exd5 5. cxd5 d6 6. Nf3 g6 7. Bf4 Bg7 8. Qa4+
Bd7 9. Qb3 b5 10. Bxd6 Qb6 11. Be5 O-O 12. e3 b4 13. Nb1 a5 14. a4 Bf5 15. Nbd2
Nbd7 16. Nc4 Qd8 17. Rd1 Be4 18. d6 Bd5 19. Bxf6 Nxf6 20. Qc2 Re8 21. Be2 Rb8
22. Qd2 Bc6 23. Nce5 Bxf3 24. Nxf3 Ne4 25. Qc1 Nxd6 26. Qxc5 Ne4 27. Qa7 Qf6
28. O-O Qxb2 29. Bc4 Qf6 30. Rd7 Ra8 31. Rxf7 Rxa7 32. Rxf6+ Kh8 33. Rc6 Rd8
34. h4 Bf6 35. Re6 Re7 36. Ra6 Rc7 37. Ba2 Bc3 38. Nd4 Bxd4 39. exd4 Rxd4 40.
Re1 Nc3 41. Bb3 Rxh4 42. g3 Rd4 43. Rxa5 Ne4 44. Rd5 Rxd5 45. Bxd5 Nc3 46. Bb3
Ra7 47. f4 Ra8 48. Ra1 Ne2+ 49. Kf2 Nd4 50. Bd1 h5 51. Ke3 Nf5+ 52. Kf2 Nd4 53.
Ke3 Nf5+ 54. Ke4 Nxg3+ 55. Kd5 Rf8 56. a5 Rf5+ 57. Kc6 Rf6+ 58. Kb5 Ne4 59.
Kxb4 Nd6 60. a6 Rxf4+ 61. Kc5 Nc8 62. Bb3 Rf6 63. Bc4 Kg7 64. Rd1 Kh6 65. Rd8
Na7 66. Rd7 Nc8 67. Rc7 Nb6 68. a7 g5 69. Rc6 Na4+ 70. Kb5 Nc3+ 71. Kb4 Rxc6
72. a8=Q Rf6 73. Qh8+ Kg6 74. Bd3+ Kf7 75. Qxh5+ Ke6 76. Kxc3 1-0

[Event "Rusia tch 2011"]
[Site "Olginka RUS"]
[Date "2011.04.15"]
[Round "4.21"]
[White "Bocharov, Dmitry"]
[Black "Ponomariov, Ruslan"]
[Result "0-1"]
[WhiteElo "2595"]
[BlackElo "2743"]
[PlyCount "82"]
[EventDate "2011.04.12"]
[EventType "team"]
[EventRounds "11"]
[EventCountry "RUS"]
[Source "lmi"]
[SourceDate "2011.04.12"]
[WhiteTeam "Rusia"]
[BlackTeam "Ucrania"]
[WhiteTeamCountry "RUS"]
[BlackTeamCountry "UKR"]

1. d4 Nf6 2. c4 e6 3. Nc3 Bb4 4. e3 O-O 5. Bd3 c5 6. a3 cxd4 7. axb4 dxc3 8.
bxc3 d6 9. Nf3 e5 10. e4 Be6 11. O-O Qc7 12. Bg5 Nbd7 13. Nd2 h6 14. Bh4 a5 15.
Qe2 Rfc8 16. Rfd1 axb4 17. cxb4 Qb6 18. b5 Bg4 19. Nf3 Nh5 20. Qe3 Qxe3 21.
fxe3 Rxa1 22. Rxa1 Nc5 23. Bc2 g5 24. Be1 Nf6 25. Nd2 Bh5 26. Ra7 Bg6 27. Kf1
d5 28. Bg3 Nfxe4 29. Nxe4 Nxe4 30. Bxe5 Nd2+ 31. Ke2 Nxc4 32. Bxg6 Nxe5 33. Bf5
Rc7 34. b6 Re7 35. Bc8 Nc4 36. Rxb7 Rxe3+ 37. Kf2 Rb3 38. Rd7 Rb2+ 39. Kg1 Nxb6
40. Rd8+ Kg7 41. Bf5 Nc4 0-1

[Event "Rusia tch 2011"]
[Site "Olginka RUS"]
[Date "2011.04.15"]
[Round "4.23"]
[White "Kokarev, Dmitry"]
[Black "Areshchenko, Alexander"]
[Result "1/2-1/2"]
[WhiteElo "2576"]
[BlackElo "2687"]
[PlyCount "68"]
[EventDate "2011.04.12"]
[EventType "team"]
[EventRounds "11"]
[EventCountry "RUS"]
[Source "lmi"]
[SourceDate "2011.04.12"]
[WhiteTeam "Rusia"]
[BlackTeam "Ucrania"]
[WhiteTeamCountry "RUS"]
[BlackTeamCountry "UKR"]

1. e4 c5 2. Nf3 d6 3. d4 cxd4 4. Nxd4 Nf6 5. Nc3 a6 6. Be2 e5 7. Nb3 Be7 8. Bg5
Be6 9. Bxf6 Bxf6 10. Qd3 O-O 11. Rd1 Be7 12. Nd5 Bxd5 13. Qxd5 Qc7 14. c3 Nd7
15. O-O b5 16. Nd2 Rad8 17. Rfe1 Bg5 18. Nf3 Nb6 19. Qb3 Be7 20. Nd2 Qc5 21. a3
Bg5 22. Nf3 Be7 23. Bd3 g6 24. Bb1 Kg7 25. Ba2 Qc4 26. Ra1 Qxb3 27. Bxb3 Rb8
28. Re2 Rfd8 29. g3 Rb7 30. Ne1 f5 31. f3 Rf8 32. Nd3 fxe4 33. fxe4 a5 34. Rf1
Rbb8 1/2-1/2

[Event "Rusia tch 2011"]
[Site "Olginka RUS"]
[Date "2011.04.15"]
[Round "4.26"]
[White "Kurnosov, Igor"]
[Black "Vokarev, Sergey"]
[Result "1-0"]
[WhiteElo "2653"]
[BlackElo "2455"]
[PlyCount "63"]
[EventDate "2011.04.12"]
[EventType "team"]
[EventRounds "11"]
[EventCountry "RUS"]
[Source "lmi"]
[SourceDate "2011.04.12"]
[WhiteTeam "Rusia"]
[BlackTeam "Rusia"]
[WhiteTeamCountry "RUS"]
[BlackTeamCountry "RUS"]

1. d4 Nf6 2. c4 g6 3. f3 Nc6 4. d5 Ne5 5. e4 d6 6. Nc3 Bg7 7. f4 Ned7 8. Nh3
O-O 9. Be2 c6 10. Nf2 cxd5 11. cxd5 Nb6 12. a4 Bd7 13. a5 Nc8 14. O-O e6 15.
dxe6 fxe6 16. Qb3 b6 17. Bf3 Rb8 18. Be3 Kh8 19. Rfd1 Ne8 20. a6 b5 21. e5 dxe5
22. fxe5 Bxe5 23. Nd3 Bg7 24. Nc5 Ned6 25. N3e4 Be5 26. Bd4 Bxd4+ 27. Rxd4 Qb6
28. Qc3 e5 29. Rxd6 Nxd6 30. Qxe5+ Kg8 31. Nxd6 Bc6 32. Bd1 1-0

[Event "Rusia tch 2011"]
[Site "Olginka RUS"]
[Date "2011.04.15"]
[Round "4.56"]
[White "Najer, Evgeniy"]
[Black "Rodin, Dmitrij"]
[Result "1-0"]
[WhiteElo "2638"]
[BlackElo "2442"]
[PlyCount "69"]
[EventDate "2011.04.12"]
[EventType "team"]
[EventRounds "11"]
[EventCountry "RUS"]
[Source "lmi"]
[SourceDate "2011.04.12"]
[WhiteTeam "Rusia"]
[BlackTeam "Rusia"]
[WhiteTeamCountry "RUS"]
[BlackTeamCountry "RUS"]

1. e4 c5 2. Nf3 e6 3. d4 cxd4 4. Nxd4 a6 5. Nc3 Qc7 6. Bd3 Nf6 7. O-O Bc5 8.
Nb3 Be7 9. f4 d6 10. e5 Nfd7 11. exd6 Bxd6 12. Ne4 Be7 13. Bd2 O-O 14. Qh5 f5
15. Ng5 Nf6 16. Qe2 Re8 17. Nxe6 Qb6+ 18. Be3 Qd6 19. Ng5 b5 20. Rad1 Qc7 21.
Nd4 Bc5 22. Bc4+ bxc4 23. Qxc4+ Kh8 24. Nf7+ Kg8 25. Nd6+ Be6 26. Nxe8 Bxc4 27.
Nxc7 Ra7 28. Nxf5 Rxc7 29. Rd8+ Kf7 30. Rxb8 Bxf1 31. Kxf1 g6 32. Bxc5 gxf5 33.
Bd4 Nd7 34. Ra8 Ke6 35. Rxa6+ 1-0

[Event "Rusia tch 2011"]
[Site "Olginka RUS"]
[Date "2011.04.15"]
[Round "4.66"]
[White "Levin, Evgeny A"]
[Black "Khairullin, Ildar"]
[Result "1/2-1/2"]
[WhiteElo "2472"]
[BlackElo "2634"]
[PlyCount "28"]
[EventDate "2011.04.12"]
[EventType "team"]
[EventRounds "11"]
[EventCountry "RUS"]
[Source "lmi"]
[SourceDate "2011.04.12"]
[WhiteTeam "Rusia"]
[BlackTeam "Rusia"]
[WhiteTeamCountry "RUS"]
[BlackTeamCountry "RUS"]

1. d4 Nf6 2. c4 e6 3. Nc3 Bb4 4. e3 O-O 5. Bd3 d5 6. Nf3 c5 7. O-O dxc4 8. Bxc4
cxd4 9. exd4 b6 10. Qe2 Bb7 11. Rd1 Bxc3 12. bxc3 Qc7 13. Bd3 Qxc3 14. Bb2 Qb4
1/2-1/2

[Event "Rusia tch 2011"]
[Site "Olginka RUS"]
[Date "2011.04.16"]
[Round "5.11"]
[White "Romanov, Evgeny"]
[Black "Jakovenko, Dmitry"]
[Result "0-1"]
[WhiteElo "2624"]
[BlackElo "2718"]
[PlyCount "86"]
[EventDate "2011.04.12"]
[EventType "team"]
[EventRounds "11"]
[EventCountry "RUS"]
[Source "lmi"]
[SourceDate "2011.04.12"]
[WhiteTeam "Rusia"]
[BlackTeam "Rusia"]
[WhiteTeamCountry "RUS"]
[BlackTeamCountry "RUS"]

1. c4 Nf6 2. Nf3 c6 3. Nc3 d5 4. e3 e6 5. b3 Bd6 6. Bb2 O-O 7. Be2 Nbd7 8. Qc2
a6 9. d4 e5 10. dxe5 Nxe5 11. O-O-O Qe7 12. c5 Bc7 13. Na4 Nxf3 14. gxf3 Be5
15. Rhg1 Bxb2+ 16. Qxb2 Bf5 17. Rg5 Bg6 18. h4 Nd7 19. Qc3 f6 20. Rg3 Bh5 21.
Rdg1 Rf7 22. Bf1 Qe5 23. Kb2 Nf8 24. f4 Qc7 25. Bh3 Re8 26. Bf5 Kh8 27. Qd4 Bg6
28. Bg4 f5 29. h5 fxg4 30. hxg6 Nxg6 31. Rxg4 Qe7 32. Nc3 Nh4 33. Qd3 Nf5 34.
Rg5 g6 35. Rh1 Kg8 36. Rhg1 Kf8 37. Na4 d4 38. Re1 Qe4 39. Qd1 dxe3 40. fxe3
Nxe3 41. Qd6+ Kg7 42. Reg1 Re6 43. Qd2 Qxf4 0-1

[Event "Rusia tch 2011"]
[Site "Olginka RUS"]
[Date "2011.04.16"]
[Round "5.15"]
[White "Lintchevski, Daniil"]
[Black "Sjugirov, Sanan"]
[Result "1/2-1/2"]
[WhiteElo "2539"]
[BlackElo "2643"]
[PlyCount "108"]
[EventDate "2011.04.12"]
[EventType "team"]
[EventRounds "11"]
[EventCountry "RUS"]
[Source "lmi"]
[SourceDate "2011.04.12"]
[WhiteTeam "Rusia"]
[BlackTeam "Rusia"]
[WhiteTeamCountry "RUS"]
[BlackTeamCountry "RUS"]

1. e4 c5 2. Nf3 d6 3. d4 cxd4 4. Nxd4 Nf6 5. Nc3 a6 6. Be2 e5 7. Nb3 Be7 8. Bg5
Nbd7 9. a4 h6 10. Be3 b6 11. O-O Bb7 12. f3 Qc7 13. Rf2 O-O 14. Bf1 Rfd8 15.
Rd2 Bc6 16. Qe1 Rdb8 17. Nc1 Qb7 18. Qd1 b5 19. Nb3 b4 20. Na5 Qc7 21. Nxc6
Qxc6 22. Nd5 Nxd5 23. Rxd5 Nf6 24. Rd3 Rd8 25. c4 Nd7 26. b3 Nc5 27. Rd5 Ne6
28. g3 Nc7 29. Rd3 Ne6 30. Ra2 Bf6 31. Bg2 Rab8 32. f4 Qc7 33. Rf2 exf4 34.
gxf4 Bc3 35. Rd5 Qe7 36. Kh1 Nc7 37. Ra5 Kh8 38. Rh5 Ne8 39. Ra5 Nf6 40. Re2
Nxe4 41. Bg1 d5 42. Rxd5 Rxd5 43. cxd5 f5 44. Qd3 Qd6 45. Bxe4 fxe4 46. Rxe4
Rd8 47. Re6 Qxd5+ 48. Qxd5 Rxd5 49. Rxa6 Rd1 50. Kg2 Rb1 51. Rc6 Rb2+ 52. Kh1
Rb1 53. Kg2 Rb2+ 54. Kh1 Rb1 1/2-1/2

[Event "Rusia tch 2011"]
[Site "Olginka RUS"]
[Date "2011.04.16"]
[Round "5.32"]
[White "Grishchenko, Sergey"]
[Black "Sitnikov, Dmitrij"]
[Result "1-0"]
[WhiteElo "2475"]
[BlackElo "2470"]
[PlyCount "81"]
[EventDate "2011.04.12"]
[EventType "team"]
[EventRounds "11"]
[EventCountry "RUS"]
[Source "lmi"]
[SourceDate "2011.04.12"]
[WhiteTeam "Rusia"]
[BlackTeam "Rusia"]
[WhiteTeamCountry "RUS"]
[BlackTeamCountry "RUS"]

1. d4 d5 2. c4 c6 3. Nc3 Nf6 4. Nf3 a6 5. a4 g6 6. a5 Bg7 7. e3 O-O 8. Qb3 dxc4
9. Bxc4 Ne8 10. O-O Nd6 11. Bd3 Nd7 12. Qb4 Qc7 13. Bd2 e5 14. Rac1 Re8 15.
dxe5 Nxe5 16. Nxe5 Bxe5 17. Nd5 Qd8 18. Nb6 Rb8 19. Rfd1 Qe7 20. Bc3 Bxc3 21.
Rxc3 Be6 22. Bxa6 c5 23. Qf4 g5 24. Qe5 f6 25. Qxc5 Ne4 26. Qxe7 Rxe7 27. Rcc1
bxa6 28. f3 Bf7 29. fxe4 Kg7 30. Rd4 Bg6 31. Rcc4 Rbb7 32. b4 h5 33. Na4 Be8
34. Nc5 Ra7 35. Rd6 Bb5 36. Rcd4 h4 37. Kf2 Ra8 38. Rb6 Re5 39. Rdd6 Re7 40.
Nxa6 Bxa6 41. Rxa6 1-0

[Event "Rusia tch 2011"]
[Site "Olginka RUS"]
[Date "2011.04.16"]
[Round "5.33"]
[White "Pokazanjev, Nikolai"]
[Black "Nakhapetiane, Pogos"]
[Result "0-1"]
[WhiteElo "2423"]
[BlackElo "2495"]
[PlyCount "74"]
[EventDate "2011.04.12"]
[EventType "team"]
[EventRounds "11"]
[EventCountry "RUS"]
[Source "lmi"]
[SourceDate "2011.04.12"]
[WhiteTeam "Rusia"]
[BlackTeam "Rusia"]
[WhiteTeamCountry "RUS"]
[BlackTeamCountry "RUS"]

1. e4 e6 2. d4 d5 3. e5 c5 4. c3 Nc6 5. Nf3 Nh6 6. a3 Nf5 7. b4 cxd4 8. cxd4
Bd7 9. Be3 b5 10. Nc3 a5 11. Nxb5 axb4 12. Bg5 Qa5 13. Bd2 Be7 14. g4 Nh6 15.
a4 Nxg4 16. Rg1 h5 17. h3 Nh6 18. Rxg7 Nf5 19. Rg1 Na7 20. Nxa7 Qxa7 21. Bg5 b3
22. Bxe7 Qa5+ 23. Qd2 Kxe7 24. Bd3 Rhb8 25. Qxa5 Rxa5 26. Kd2 b2 27. Ra3 Rxa4
28. Rxa4 Bxa4 29. Rb1 Rb3 30. Kc2 Ra3+ 31. Kd2 Bb5 32. Ne1 Bxd3 33. Nxd3 Nxd4
34. Rxb2 Nf3+ 35. Kc2 Ra4 36. Rb8 Re4 37. Rh8 Nxe5 0-1

[Event "Rusia tch 2011"]
[Site "Olginka RUS"]
[Date "2011.04.16"]
[Round "5.34"]
[White "Manukyan, Sargis V"]
[Black "Konyshev, Artem"]
[Result "1/2-1/2"]
[WhiteElo "2272"]
[BlackElo "2379"]
[PlyCount "33"]
[EventDate "2011.04.12"]
[EventType "team"]
[EventRounds "11"]
[EventCountry "RUS"]
[Source "lmi"]
[SourceDate "2011.04.12"]
[WhiteTeam "Armenia"]
[BlackTeam "Rusia"]
[WhiteTeamCountry "ARM"]
[BlackTeamCountry "RUS"]

1. d4 Nf6 2. c4 e6 3. Nc3 Bb4 4. e3 O-O 5. Nge2 d5 6. a3 Be7 7. cxd5 exd5 8. g3
a5 9. Bg2 Na6 10. O-O Re8 11. Qc2 Bf8 12. Bd2 c6 13. Rad1 Nc7 14. f3 c5 15. Bc1
cxd4 16. Nxd4 Ne6 17. Rfe1 1/2-1/2

[Event "Rusia tch 2011"]
[Site "Olginka RUS"]
[Date "2011.04.16"]
[Round "5.35"]
[White "Kljucharev, Sergey"]
[Black "Kalugin, Sergey V"]
[Result "1/2-1/2"]
[WhiteElo "2375"]
[BlackElo "2390"]
[PlyCount "23"]
[EventDate "2011.04.12"]
[EventType "team"]
[EventRounds "11"]
[EventCountry "RUS"]
[Source "lmi"]
[SourceDate "2011.04.12"]
[WhiteTeam "Rusia"]
[BlackTeam "Rusia"]
[WhiteTeamCountry "RUS"]
[BlackTeamCountry "RUS"]

1. Nf3 Nf6 2. c4 b6 3. Nc3 Bb7 4. g3 e6 5. Bg2 Be7 6. O-O O-O 7. d4 Ne4 8. Nxe4
Bxe4 9. Ne5 Bxg2 10. Kxg2 d6 11. Nf3 Nd7 12. Qd3 1/2-1/2

[Event "Rusia tch 2011"]
[Site "Olginka RUS"]
[Date "2011.04.16"]
[Round "5.36"]
[White "Rodin, Dmitrij"]
[Black "Cheremnova, Tamara"]
[Result "0-1"]
[WhiteElo "2442"]
[BlackElo "2221"]
[PlyCount "100"]
[EventDate "2011.04.12"]
[EventType "team"]
[EventRounds "11"]
[EventCountry "RUS"]
[Source "lmi"]
[SourceDate "2011.04.12"]
[WhiteTeam "Rusia"]
[BlackTeam "Rusia"]
[WhiteTeamCountry "RUS"]
[BlackTeamCountry "RUS"]

1. e4 c6 2. d4 d5 3. e5 Bf5 4. Nf3 e6 5. Be2 c5 6. Be3 Qb6 7. Nc3 Nc6 8. O-O
Qxb2 9. Nb5 c4 10. Nc7+ Kd7 11. Nxa8 Bxc2 12. Qc1 Ba3 13. Rb1 Bxb1 14. Qxb1
Qxb1 15. Rxb1 Kc8 16. Ng5 Nh6 17. Bh5 g6 18. Bd1 Kb8 19. Nb6 axb6 20. Rxb6 Ka7
21. Rb1 Rc8 22. g4 Rh8 23. h3 Nd8 24. Bc2 Ng8 25. f4 h6 26. Nf3 Ne7 27. Kf2
Ndc6 28. Bd2 Ka6 29. Rg1 Bb2 30. Ke3 h5 31. Bc1 Bxc1+ 32. Rxc1 hxg4 33. hxg4
Rh3 34. Kf2 b5 35. a3 Ka5 36. Kg2 Rh8 37. Kg3 b4 38. axb4+ Kxb4 39. f5 gxf5 40.
gxf5 Nxf5+ 41. Bxf5 exf5 42. Kf4 c3 43. Kxf5 Rh3 44. Ng5 Nxd4+ 45. Kf6 Re3 46.
Nxf7 c2 47. Kg5 Kc3 48. e6 Kd2 49. Rxc2+ Kxc2 50. e7 Nc6 0-1

[Event "Rusia tch 2011"]
[Site "Olginka RUS"]
[Date "2011.04.16"]
[Round "5.44"]
[White "Smirnov, Pavel"]
[Black "Gafner, Evgeny J"]
[Result "1-0"]
[WhiteElo "2539"]
[BlackElo "2296"]
[PlyCount "35"]
[EventDate "2011.04.12"]
[EventType "team"]
[EventRounds "11"]
[EventCountry "RUS"]
[Source "lmi"]
[SourceDate "2011.04.12"]
[WhiteTeam "Rusia"]
[BlackTeam "Rusia"]
[WhiteTeamCountry "RUS"]
[BlackTeamCountry "RUS"]

1. e4 c5 2. Nf3 Nc6 3. Nc3 g6 4. d4 cxd4 5. Nxd4 Bg7 6. Be3 Nf6 7. Bc4 O-O 8.
Bb3 Qa5 9. f3 d5 10. exd5 Nb4 11. Qd2 Rd8 12. O-O Nbxd5 13. Nxd5 Qxd2 14. Nxe7+
Kf8 15. Bxd2 Rxd4 16. Be3 Ng8 17. Nxc8 Rxc8 18. c3 1-0

[Event "Rusia tch 2011"]
[Site "Olginka RUS"]
[Date "2011.04.16"]
[Round "5.45"]
[White "Pranizin, Gennady"]
[Black "Ivanov, Alexander Al"]
[Result "1-0"]
[WhiteElo "2171"]
[BlackElo "2460"]
[PlyCount "75"]
[EventDate "2011.04.12"]
[EventType "team"]
[EventRounds "11"]
[EventCountry "RUS"]
[Source "lmi"]
[SourceDate "2011.04.12"]
[WhiteTeam "Rusia"]
[BlackTeam "Rusia"]
[WhiteTeamCountry "RUS"]
[BlackTeamCountry "RUS"]

1. e4 d6 2. d4 Nf6 3. Nc3 c6 4. f4 Qa5 5. Bd3 e5 6. dxe5 dxe5 7. Nf3 Nbd7 8.
Bd2 Qc7 9. Qe2 Bd6 10. f5 a5 11. h3 a4 12. Rd1 Nc5 13. Bg5 Be7 14. Qf2 b6 15.
O-O h6 16. Be3 Nfd7 17. Qg3 Bf6 18. a3 Ke7 19. Bc4 Ba6 20. Bxa6 Rxa6 21. Rd2
Rd8 22. Rfd1 Raa8 23. Qe1 Ke8 24. g4 Nb7 25. h4 Be7 26. g5 hxg5 27. hxg5 Nf8
28. Qh4 Rxd2 29. Rxd2 g6 30. Qh8 Bd6 31. Nh4 b5 32. Rf2 Nd8 33. fxg6 fxg6 34.
Nxg6 Nde6 35. Nxf8 Bxf8 36. Bc5 Qf7 37. Rxf7 Kxf7 38. Qf6+ 1-0